000 00297nam a22001337a 4500
020 _a978-0-85707-177-4
082 _a823
_bCAR/I
100 _aCARLY
245 _aI SPLIT UP!
260 _aGREAT BRITAIN
_bSIMON AND SCHUSTER
_c2011
300 _a117
650 _aNOVEL
_zUNITED KINGDOM
942 _cBK
999 _c2914
_d2914